Taylor Swift - Devine la chanson sans indices #24 - Statistiques

Statistiques générales
  • Ce quiz a été pris 378 fois
  • Le résultat moyen est 305 sur 397
Statistiques - réponses
Réponse % Correct
I
99%
a
97%
you
97%
You
97%
you?
97%
the
95%
me
94%
me?
94%
Oh,
93%
be
92%
your
91%
And
89%
and
89%
on
89%
do
88%
I'm
86%
to
86%
You're
86%
you're
86%
she
85%
She
85%
wear
85%
with
85%
in
84%
In
84%
it
84%
like
84%
that
84%
That
84%
that?
84%
girl
82%
my
82%
when
82%
When
82%
Who
82%
who
82%
is
81%
So,
81%
can
79%
for
79%
it's
79%
of
79%
up
79%
what
79%
by
78%
where
78%
know
77%
know,
77%
she's
77%
She's
77%
all
76%
All
76%
belong
76%
girlfriend,
76%
one
76%
phone
76%
said
76%
see
76%
see?
76%
night
75%
this
75%
time
75%
about
74%
been
74%
Been
74%
'bout
74%
can't
74%
Can't
74%
upset
74%
Captain,
73%
could
73%
here
73%
something
72%
why
72%
Cheer
71%
doesn't
71%
short
71%
get
70%
Have
70%
never
70%
Tuesday
70%
wears
70%
day
69%
has
69%
If
69%
room,
69%
skirts
69%
typical
69%
bleachers
68%
But
68%
find
68%
looking
68%
wake
68%
music
67%
Think
67%
going
66%
T-shirts
66%
along
65%
humor
65%
kind
65%
listening
65%
whole
65%
Dreaming
64%
high
64%
story
64%
understands
64%
'Cause
63%
heels
63%
how
63%
not
61%
sneakers
61%
ever
60%
she'll
60%
cry
58%
middle
58%
off
58%
say
58%
tell
58%
just
56%
baby?
55%
got
54%
house
54%
laugh
54%
songs
54%
dreams
53%
favorite
53%
out
53%
smile
53%
you've
53%
doing
52%
than
52%
thinking
52%
at
51%
jeans
51%
better
50%
down
50%
light
50%
easy?
49%
makes
49%
seen
49%
myself
48%
town
48%
isn't
47%
while
47%
driving
46%
haven't
46%
Walk
46%
brought
45%
Since
45%
thought
45%
remember
44%
streets
42%
maybe
41%
bench
40%
Hey,
40%
Standing
39%
waiting
39%
worn
38%
fine,
37%
park
35%
backdoor
33%
help
31%
Laughing
27%
ought
26%
Aucun quiz correspondant
Distribution des résultats
% des personnes avec chaque résultat
Percentile par nombre de réponses
Votre historique - résultats
Vous n’avez pas pris ce quiz